000 01279nam a2200325 a 4500
001 000038788
003 DO-SdBNP
005 20250212130210.0
007 ta
008 130422s1988 dr 000 0 spa d
040 _aDO-SdBNP
_bspa
_cBNPHU
_erda
041 _hspa
082 4 _a864.44
_bM948e
_222
100 1 _aBlonda Acosta, Máximo Avilés
_d1931-1988,
_eautor
_986966
245 1 0 _aMuestra de ensayos generación del 48 /
_cMáximo Avilés Blonda, Rodolfo Coiscou Weber, Abel Fernández Mejía, Lupo Hernández Rueda, Manuel Marino Miniño ... [et al.] ; presentación Raymundo Amaro Guzmán.
264 _aSanto Domingo :
_bComisión Permanente de la Feria Nacional del Libro,
_c1988.
300 _aviii, 267 páginas ;
_c21 cm.
336 _ardacontent
_btexto
_2txt
337 _ardamedia
_bsin mediación
_2n
338 _ardacarrier
_bvolumen
_2nc
500 _a"XVI Feria Nacional del Libro, Lic. Manuel Arturo Peña Batlle."
500 _aIncluye notas al pie de las páginas
590 _aInventariado, 2025/DG
700 1 _aAvilés Blonda, Máximo,
_d1931-1988
_97914
700 1 _aCoiscou Weber, Rodolfo
_eautor
_919739
700 1 _aFernández Mejía, Abel
_eautor
_986967
700 1 _aHernández Rueda, Lupo
_986155
910 _aDG
942 _2ddc
_cLBS1
999 _c38278
_d38278